000 003670000a22001570004500
020 _a84-01-30381-8
041 0 _aSPA
082 0 4 _aG 813 P864e
100 1 _aPotok, Chaim
245 1 0 _aLos elegidos / Chaim Potok; Rosalís Sanchéz, Traductor
250 _a2
260 _aBarcelona, España : Plaza y Janés
300 _a295 Pag
001 10892
942 _cBK
999 _c40310
_d40310